Science Quiz

Random Science or Numbers Quiz

1-10 ^ 1-10 Quiz Stats

 Plays Quiz Updated Nov 6, 2018

     
Support Sporcle.
Go Orange.
Score 0/100 Timer 20:00
0 Plays Today
Power Number % Correct
1^1
99.9%
1^1
99.9%
1^1
99.9%
1^1
99.9%
1^1
99.9%
1^1
99.9%
1^1
99.9%
1^1
99.9%
1^1
99.9%
1^1
99.9%
2^2
98.7%
2^4
98.5%
4^4
98.5%
2^8
98.1%
8^8
98.1%
6^6
98%
3^3
97.8%
10^10
97.3%
3^9
97.2%
5^5
97.2%
9^9
97.2%
2^16
95.7%
4^16
95.7%
7^7
95.1%
5^25
94%
2^64
93.8%
4^64
93.8%
8^64
93.8%
2^32
93.1%
3^27
91.3%
10^100
90.6%
2^128
90.5%
3^81
90.4%
9^81
90.4%
Power Number % Correct
10^1000
89%
2^256
88.9%
4^256
88.9%
10^10000
88.9%
10^100000
88.7%
10^1000000
88.6%
10^10000000
88.4%
10^100000000
88.2%
10^1000000000
88%
10^10000000000
87.6%
2^512
87%
8^512
87%
2^1024
86.7%
4^1024
86.7%
6^36
86.2%
5^125
85.2%
7^49
84%
5^625
76.1%
3^243
74.6%
3^729
70.3%
9^729
70.3%
4^4096
65.4%
8^4096
65.4%
5^3125
60.2%
6^216
59.9%
3^2187
58.4%
5^15625
54.4%
3^6561
53.5%
9^6561
53.5%
4^16384
51.8%
7^343
50.6%
3^19683
48.9%
6^1296
48.7%
3^59049
46.5%
Power Number % Correct
9^59049
46.5%
5^78125
45.9%
4^65536
42.7%
5^390625
40.3%
6^7776
39.4%
4^262144
38.8%
8^262144
38.8%
7^2401
38.6%
5^1953125
37.9%
4^1048576
36.9%
7^16807
35.8%
5^9765625
35.5%
8^32768
35.5%
6^46656
33.7%
6^279936
30.6%
7^117649
30%
6^1679616
27.6%
6^10077696
25.2%
7^823543
25.1%
9^531441
24.7%
6^60466176
24.4%
8^2097152
24.1%
7^5764801
22.9%
9^4782969
21.6%
8^16777216
21.5%
7^40353607
21.4%
7^282475249
20.4%
8^134217728
18.8%
9^43046721
18.3%
8^1073741824
17.3%
9^387420489
16.9%
9^3486784401
15.7%

From the Vault

Games by Novelty Playing Card

by WillieG

Gaming 4m
For when you need to play two different games at the same time.
Remove Ads.
Support Sporcle.
Get the best of Sporcle when you Go Orange. This ad-free experience offers more features, more stats, and more fun while also helping to support Sporcle. Thank you for becoming a member.

Show Comments

Extras

Top Quizzes Today


Score Distribution

Your Account Isn't Verified!

In order to create a playlist on Sporcle, you need to verify the email address you used during registration. Go to your Sporcle Settings to finish the process.

Report this User

Report this user for behavior that violates our Community Guidelines.

Details: